<?xml version="1.0" encoding="UTF-8"?>
<record
    xmlns:xsi="http://www.w3.org/2001/XMLSchema-instance"
    xsi:schemaLocation="http://www.loc.gov/MARC21/slim http://www.loc.gov/standards/marcxml/schema/MARC21slim.xsd"
    xmlns="http://www.loc.gov/MARC21/slim">

  <leader>02284nam a2200289Ia 4500</leader>
  <controlfield tag="003">OSt</controlfield>
  <controlfield tag="005">20211112161600.0</controlfield>
  <controlfield tag="008">210310s1998    sp ad  fq     000 0dspa d</controlfield>
  <datafield tag="020" ind1=" " ind2=" ">
    <subfield code="a">8495348039</subfield>
  </datafield>
  <datafield tag="040" ind1=" " ind2=" ">
    <subfield code="a">CO-JMCR</subfield>
    <subfield code="c">CO-JMCR</subfield>
  </datafield>
  <datafield tag="041" ind1="0" ind2=" ">
    <subfield code="a">spa</subfield>
    <subfield code="h">eng</subfield>
  </datafield>
  <datafield tag="082" ind1="0" ind2="4">
    <subfield code="a">338.9 /</subfield>
    <subfield code="b">R263e</subfield>
    <subfield code="2">23</subfield>
  </datafield>
  <datafield tag="100" ind1="1" ind2=" ">
    <subfield code="a">Ray, Debraj, </subfield>
    <subfield code="9">18255</subfield>
    <subfield code="e">autor</subfield>
  </datafield>
  <datafield tag="245" ind1="1" ind2="0">
    <subfield code="a">Econom&#xED;a del desarrollo / </subfield>
    <subfield code="c">Debraj Ray ; traducci&#xF3;n de M&#xB0; Esther Rabasco</subfield>
  </datafield>
  <datafield tag="260" ind1=" " ind2=" ">
    <subfield code="a">Barcelona : </subfield>
    <subfield code="b">Antoni Bosch Editor, </subfield>
    <subfield code="c">1998</subfield>
  </datafield>
  <datafield tag="300" ind1=" " ind2=" ">
    <subfield code="a">xix, 827 p&#xE1;ginas : </subfield>
    <subfield code="b">ilustraciones y gr&#xE1;ficas a blanco y negro ; </subfield>
    <subfield code="c">24 cm.</subfield>
  </datafield>
  <datafield tag="500" ind1=" " ind2=" ">
    <subfield code="a">T&#xED;tulo original: Development Economic
Incluye datos biogr&#xE1;ficos del autor e &#xED;ndice de autores y anal&#xED;tico.</subfield>
  </datafield>
  <datafield tag="504" ind1=" " ind2=" ">
    <subfield code="a">Bibliograf&#xED;a: p&#xE1;ginas 783-805</subfield>
  </datafield>
  <datafield tag="505" ind1="0" ind2=" ">
    <subfield code="a">El desarrollo econ&#xF3;mico: visi&#xF3;n panor&#xE1;mica -- El crecimiento econ&#xF3;mico -- Las nuevas teor&#xED;as del crecimiento -- Historias, expectativas y desarrollo -- La desigualdad econ&#xF3;mica -- Desigualdad y desarrollo: interconexiones -- Pobreza y desnutrici&#xF3;n -- Crecimiento de la poblaci&#xF3;n y desarrollo econ&#xF3;mico -- Ciudad y campo -- Los mercados en la agricultura: introducci&#xF3;n -- La tierra -- El trabajo -- El cr&#xE9;dito -- El seguro -- El comercio internacional -- Pol&#xED;tica comercial -- Pol&#xED;tica comercial multilateral </subfield>
  </datafield>
  <datafield tag="520" ind1="3" ind2=" ">
    <subfield code="a">El estudio del desarrollo de los pa&#xED;ses con bajos niveles de renta es una disciplina que ha hecho unos enormes progresos en los &#xFA;ltimos diez a&#xF1;os. El libro del profesor Ray es el primer texto que incorpora los nuevos avances de manera clara y rigurosa, a la vez que elegante. &#xAB;Un libro de texto sobre el desarrollo econ&#xF3;mico extremadamente &#xFA;til, a la vez que elegante y profundo Sabe combinar una argumentaci&#xF3;n te&#xF3;rica de una enorme agudeza con un s&#xF3;lido dominio de las circunstancias emp&#xED;ricas, que incluyen las posibilidades y limitaciones institucionales. El libro posee una gran originalidad, a la vez que resulta de f&#xE1;cil lectura y muy util-Amartya Sen, Cambridge University, ganador del Premio Nobel de Econom&#xED;a de 1998.</subfield>
  </datafield>
  <datafield tag="546" ind1=" " ind2=" ">
    <subfield code="a">Traducido del ingl&#xE9;s.</subfield>
  </datafield>
  <datafield tag="650" ind1="1" ind2="4">
    <subfield code="a">La econom&#xED;a del desarrollo</subfield>
    <subfield code="9">18257</subfield>
  </datafield>
  <datafield tag="650" ind1="2" ind2="4">
    <subfield code="a">Ciencias econ&#xF3;micas</subfield>
    <subfield code="9">11379</subfield>
  </datafield>
  <datafield tag="650" ind1="2" ind2="4">
    <subfield code="a">Pa&#xED;ses en desarrollo</subfield>
    <subfield code="9">2059</subfield>
  </datafield>
  <datafield tag="700" ind1="1" ind2=" ">
    <subfield code="a">Rabasco, M&#xB0; Esther, </subfield>
    <subfield code="e">traductor</subfield>
    <subfield code="9">37689</subfield>
  </datafield>
  <datafield tag="942" ind1=" " ind2=" ">
    <subfield code="2">ddc</subfield>
    <subfield code="c">BK</subfield>
  </datafield>
  <datafield tag="999" ind1=" " ind2=" ">
    <subfield code="c">8776</subfield>
    <subfield code="d">8776</subfield>
  </datafield>
  <datafield tag="952" ind1=" " ind2=" ">
    <subfield code="0">0</subfield>
    <subfield code="1">0</subfield>
    <subfield code="2">ddc</subfield>
    <subfield code="4">0</subfield>
    <subfield code="7">0</subfield>
    <subfield code="8">NFIC</subfield>
    <subfield code="a">CPL</subfield>
    <subfield code="b">CPL</subfield>
    <subfield code="d">2018-04-15</subfield>
    <subfield code="e">Donaci&#xF3;n</subfield>
    <subfield code="o">338.9 / R263e</subfield>
    <subfield code="p">430006108</subfield>
    <subfield code="r">2024-05-16 00:00:00</subfield>
    <subfield code="t">Ej.1</subfield>
    <subfield code="y">BK</subfield>
  </datafield>
  <datafield tag="952" ind1=" " ind2=" ">
    <subfield code="0">0</subfield>
    <subfield code="1">0</subfield>
    <subfield code="2">ddc</subfield>
    <subfield code="4">0</subfield>
    <subfield code="7">0</subfield>
    <subfield code="8">NFIC</subfield>
    <subfield code="a">CPL</subfield>
    <subfield code="b">CPL</subfield>
    <subfield code="d">2018-04-15</subfield>
    <subfield code="e">Donaci&#xF3;n</subfield>
    <subfield code="l">0</subfield>
    <subfield code="o">338.9 / R263e</subfield>
    <subfield code="p">430006109</subfield>
    <subfield code="r">2024-05-16 00:00:00</subfield>
    <subfield code="t">Ej.2</subfield>
    <subfield code="w">2021-11-16</subfield>
    <subfield code="y">BK</subfield>
  </datafield>
</record>
